000 00361 a2200157 4500
001 154693
040 _cEscola São Tomás de Aquino
100 _aMEIHY, José Carlos Lebe Bom
240 1 0 _aA Guerra Civil Espanhola
_lpor
245 1 0 _aA Guerra Civil Espanhola
300 _a72
362 0 _a1996
440 1 _aÁtica
697 _aHISTÓRIA
942 _cBK
999 _c154693
_d154693